Santiago: lugares con historia

Gardado en:
Detalles Bibliográficos
Autor Principal: Laborde Duronea, Miguel (Author)
Formato: Libro
Idioma:Lingua castelá
Publicado: Santiago Contrapunto 1990
Subjects:
Tags: Engadir etiqueta
Sen Etiquetas, Sexa o primeiro en etiquetar este rexistro!

MARC

LEADER 00000nam a2200000 a 4500
001 UCV8510
003 CL-VaPUC
008 910912e19900000CL |||||||||||||||||spa|d
082 0 4 |a 720.983  |b LAB  |2 21 
100 |a Laborde Duronea, Miguel  |e author  |9 538123 
245 1 0 |a Santiago: lugares con historia 
300 |a 176 p 
942 |c BK 
945 |d 19910912 00:00:00 
260 |a Santiago  |b Contrapunto  |c 1990 
650 0 |a Arquitectura  |9 804558 
650 0 |a Monumentos  |9 265246 
651 7 |a CHILE  |2 CL-VaPUC  |9 302554 
651 0 |a Santiago  |9 265444 
583 |a last modification  |c 20180125 11:07:16  |k Rodrigo Vera 
999 |c 214018  |d 214016 
952 |0 0  |1 0  |4 0  |6 720_983000000000000_LAB_1990  |7 0  |8 P  |9 197005  |a BIBARQ  |b BIBARQ  |d 2019-11-14  |i 2647494  |o 720.983 LAB 1990  |p 2647494  |r 2025-01-20  |w 2019-11-14  |y BK  |k ARQ 
952 |0 0  |1 0  |4 0  |6 720_983000000000000_LAB_1990  |7 0  |8 A  |9 197006  |a BIBHIS  |b BIBHIS  |d 2019-11-14  |i 3360989  |o 720.983 LAB 1990  |p 3360989  |r 2025-01-20  |w 2019-11-14  |y BK  |k HIS 
952 |0 0  |1 0  |4 0  |6 720_983000000000000_LAB_1990  |7 0  |8 A  |9 197007  |a BIBHIS  |b BIBHIS  |d 2019-11-14  |i 3360997  |o 720.983 LAB 1990  |p 3360997  |r 2025-01-20  |w 2019-11-14  |y BK  |k HIS